| 000 | 00587nam a2200193 i 4500 | ||
|---|---|---|---|
| 001 | 133046 | ||
| 003 | ES-MaACL | ||
| 005 | 20250524180310.0 | ||
| 007 | t| | ||
| 008 | 070214s1967 fr r ||||1| fre d | ||
| 100 | 0 |
_aRosset, Clément. _999849 |
|
| 245 | 1 | 0 |
_aSchopenhauer _b: philosophie de l'absurde / _cClément Rosset. |
| 250 | _a1ª. ed. | ||
| 260 |
_aParis : _bPresses Universitaires de France, _c1967. |
||
| 300 |
_aIX, 107 p. ; _c18 cm. |
||
| 600 | 1 | 4 |
_aSchopenhauer, Arthur, _d1788-1860 _9240710 |
| 852 |
_aES-MaACL _jL-11964 _bR.113468 |
||
| 999 |
_c133046 _d133046 |
||